| 000 | 00884nam a2200217 a 4500 | ||
|---|---|---|---|
| 005 | 20230310063520.0 | ||
| 008 | 061122s2005 ba r 000 0 spa d | ||
| 020 | _a9508084693 | ||
| 035 | _aUPN01000148054 | ||
| 049 | _aCG | ||
| 050 | 4 |
_aHC125 _bA4.2 |
|
| 245 | 0 | 0 |
_aAmérica Latina a comienzos del siglo XXI : _bperspectivas económicas, sociales y políticas / _cLuis Fernando Ayerbe ... [et al.]. ; coord. Gilberto Dupas. |
| 260 |
_aRosario, Arg. : _bHomo Sapiens : _bInstituto de Estudios Económicos e Internaciones, _c2005. |
||
| 300 |
_a374 p. : _bgráfs., cuadros |
||
| 651 | 4 |
_aAMERICA LATINA - _xCONDICIONES ECONOMICAS - _y1982- _911760 |
|
| 651 | 4 |
_aAmérica Latina _xPolítica y gobierno _y1980- _93994 |
|
| 651 | 4 |
_aAmérica Latina _xCondiciones sociales _y1982- _911761 |
|
| 700 | 1 |
_aAyerbe, Luis Fernando, _ecoaut. |
|
| 700 | 1 |
_aDupas, Gilberto, _ecoord. |
|
| 905 | _aLibro | ||
| 999 |
_c120196 _d120196 |
||